Európska investičná banka
Salvato in:
| Autore principale: | |
|---|---|
| Natura: | Libro |
| Lingua: | slovacco |
| Pubblicazione: |
Poniky
Priatelia Zeme-CEPA
2005
|
| Soggetti: | |
| Tags: |
Nessun Tag, puoi essere il primo ad aggiungerne!!
|
MARC
| LEADER | 00000nam$a2200000$$$4500 | ||
|---|---|---|---|
| 001 | 0054969 | ||
| 005 | 20240318125547.5 | ||
| 020 | |a 80-968918-7-1 | ||
| 041 | 0 | |a slo | |
| 044 | |a SK | ||
| 245 | 1 | 0 | |a Európska investičná banka |c Peter Mihók |
| 264 | 1 | |a Poniky |b Priatelia Zeme-CEPA |c 2005 | |
| 300 | |a 32 s. | ||
| 610 | 2 | 0 | |a banky |
| 610 | 2 | 0 | |a bankovníctvo |
| 610 | 2 | 0 | |a banky investičné |
| 610 | 2 | 0 | |a akcionári |
| 610 | 2 | 0 | |a imanie základné |
| 610 | 2 | 0 | |a inštitúcie verejnoprávne |
| 610 | 2 | 0 | |a riadenie |
| 610 | 2 | 0 | |a fondy investičné |
| 610 | 2 | 0 | |a kritika |
| 610 | 2 | 0 | |a Európska investičná banka |
| 610 | 2 | 0 | |a Slovensko |
| 100 | 1 | |a Mihók, Peter | |